00345nam a2200121Ia 4500008004100000082001600041100001100057245008200068250000800150260004200158300001000200650001300210150201s1993 xx 000 0 und d a610bM1993D aDOWINE aCASHS TEXTBOOK OF GENERAL MEDICINE & SURGICAL CONDITIONS FOR PHYSIOTHERAPISTS a2ND bJAYPEE MEDICAL PUBLISHERaDELHIc1993 a1-562 aMEDICINE